000 00386nam a2200157Ia 4500
005 20250430043231.0
008 240331s9999 xx 000 0 und d
020 _a9552038111
082 _bRAN
_a891
100 _aSeetha Ranjani
245 0 _aRaaman
260 _aColombo
_bS. Godake & Brothers
_c1993
300 _a72 p .,
500 _aThamala garila battiyakego kadhawa
942 _cL
999 _c4906
_d4906